[Event "Foment Martinenc op-B 15th"]
[Site "Barcelona"]
[Date "2013.05.04"]
[Round "3"]
[White "Jin, Quijun"]
[Black "Moya Nunez, Pau Salvador"]
[Result "0-1"]
[WhiteElo "1700"]
[BlackElo "1754"]
[PlyCount "64"]
[EventDate "2013.04.20"]
[EventType "swiss"]
[EventRounds "9"]
[EventCountry "ESP"]
[SourceTitle "CBM 154 Extra"]
[Source "ChessBase"]
[SourceDate "2013.06.25"]
[SourceVersion "2"]
[SourceVersionDate "2013.06.25"]
[SourceQuality "1"]

1. c4 e5 2. Nc3 Nf6 3. Nf3 Nc6 4. g3 Bb4 5. Bg2 d6 6. a3 Bxc3 7. bxc3 d5 8. cxd5 Qxd5 9. d3 e4 10. Ng5 h6 11. Nxe4 Nxe4 12. Bxe4 Qe6 13. 0-0 f5 14. Bg2 g5 15. e4 Bd7 16. exf5 Qxf5 17. Qh5+ Kd8 18. Be4 Be8 19. Qd1 Qd7 20. Be3 g4 21. Qc2 Ne5 22. Bxb7 Nf3+ 23. Kh1 Rb8 24. Be4 h5 25. Rab1 Rxb1 26. Rxb1 h4 27. Bxf3 gxf3 28. Rb8+ Ke7 29. Bg5+ Kf8 30. Rb4 Qh3 31. Rf4+ Bf7 32. Rxf7+ Kxf7 0-1